banner-ar

رومولوس العظيم / (Record no. 50545)

MARC details
000 -الفاتح
حقل البيانات ثابتة الطول 00593nam a2200205Ia 4500
008 - عناصر البيانات ثابتة الطول - معلومات عامة
حقل البيانات ثابتة الطول 140319s9999 xx 000 0 ara d
040 ## - مصدر الفهرسة
وكالة الفهرسة الأصلية GCL /
وكالة النسخ GCL
082 04 - رقم تصنيف ديوى العشرى
رقم التصنيف 832.043
رقم المادة د ر
100 1# - المدخل الرئيسى - إسم شخصى
الإسم الشخصى انيس منصور
245 10 - بيان العنوان
العنوان رومولوس العظيم /
بيان المسئوليه,etc انيس منصور
700 1# - المدخل الاضافى - اسم شخصى
الإسم الشخصى ديرنمات ، فريدريخ
300 ## - الوصف المادى
التعداد 186 ص
490 ## - بيان السلسلة
عنوان السلسلة مسرحيات عالمية
رقم المجلد/ التعيين التسلسلي 0
650 04 - المدخل الاضافى بالموضوع-مصطلح موضوعى
مصطلح موضوعي الادب
650 04 - المدخل الاضافى بالموضوع-مصطلح موضوعى
مصطلح موضوعي الادب الالمانى
650 04 - المدخل الاضافى بالموضوع-مصطلح موضوعى
مصطلح موضوعي ادب الاطفال
650 04 - المدخل الاضافى بالموضوع-مصطلح موضوعى
مصطلح موضوعي المسرحيات الالمانية
942 ## - عناصر المدخل الإضافي( كوها)
مصدر التصنيف او مخطط الترفيف Dewey Decimal Classification
Koha [default] item type كتاب
Holdings
حالة التراجع حالة الفقد حالة تلف ليس للاعارة المكان المؤقت الموقع الحالى تاريخ الاكتساب اجمالي اﻻعارات رقم الطلب الباركود تاريخ اخر مشاهدة تاريخ تفعيل السعر نوع وعاء كوها
        مكتبة القاهرة الكبرى مكتبة القاهرة الكبرى 03/26/2014   832.043\د ر 121199 03/26/2014 03/26/2014 كتاب

Powered By

EGPV